Livro

Examen del niño con disfunción encefálica mínima

Na minha lista:
Detalhes bibliográficos
Autor principal: Touwen, Bert CL
Formato: Livro
Idioma:espanhol
Publicado em: Buenos Aires : Panamericana, 1986
Assuntos:

MARC

LEADER 00000nam#a2200000#a#4500
001 011018
005 20160721150229.0
008 960502s1986####ag##################spa#d
020 |a 9500621266 
040 |a AR-beUNQ 
099 |a 25-T4 
100 1 |a Touwen, Bert CL 
245 0 0 |a Examen del niño con disfunción encefálica mínima  |c Bert C.L Touwen. 
260 |a Buenos Aires :  |b Panamericana,  |c 1986 
300 |a 174 p. :   |b il., gráficos, tablas 
650 7 |a NEUROFISIOLOGIA  |2 Spines 
650 7 |a NIÑOS  |2 Spines 
650 7 |a TRANSMISION NERVIOSA  |2 Spines 
650 7 |a TRASTORNOS PSICOMOTORES  |2 Spines 
650 7 |a PRUEBAS NEUROPSICOLOGICAS  |2 Spines 
929 |a COMPRA  |b Panamericana  |c Exp. 827-0511/95  |d 27,30  |e 19950922  |j 13393 
929 |a COMPRA  |b Panamericana  |c Exp. 827-0511/95  |d 27,30  |e 19950922  |j 13394 
942 |c LIB  |n 0 
999 |c 13434  |d 88821